فقه مقاصد الشريعة في تنزيل الأحكام أو فقه الاجتهاد التنزيلي / (رقم التسجيلة. 124130)

تفاصيل مارك
000 -LEADER
fixed length control field 00572nam a22001697a 4500
005 - DATE AND TIME OF LATEST TRANSACTION
control field 20251108175023.0
008 - FIXED-LENGTH DATA ELEMENTS--GENERAL INFORMATION
fixed length control field 250721s2011 xx 000 0 ara d
082 14 - DEWEY DECIMAL CLASSIFICATION NUMBER
Classification number م/216/بال
100 1# - MAIN ENTRY--PERSONAL NAME
Personal name بالثابت، فوزي
Relator term مؤلف
245 10 - TITLE STATEMENT
Title فقه مقاصد الشريعة في تنزيل الأحكام أو فقه الاجتهاد التنزيلي /
264 1# - PRODUCTION, PUBLICATION, DISTRIBUTION, MANUFACTURE, AND COPYRIGHT NOTICE
Place of production, publication, distribution, manufacture عمان :
Name of producer, publisher, distributor, manufacturer مؤسسة الرسالة ناشرون،
Date of production, publication, distribution, manufacture, or copyright notice 2011.
300 ## - PHYSICAL DESCRIPTION
Extent 344ص.
650 17 - SUBJECT ADDED ENTRY--TOPICAL TERM
Topical term or geographic name as entry element الاسلام
650 17 - SUBJECT ADDED ENTRY--TOPICAL TERM
Topical term or geographic name as entry element الفقه الاسلامي
942 ## - ADDED ENTRY ELEMENTS (KOHA)
Source of classification or shelving scheme Dewey Decimal Classification
Koha item type مراجع
المقتنيات
حالة السحب حالة الفقدان مصدر التصنيف حالة التلف غير قابل للإعارة المكتبة الرئيسية المكتبة الحالية موقع الرف تاريخ التزويد الرقم المتسلسل Total Checkouts رقم الإستدعاء الباركود تاريخ آخر ظهور تاريخ الفاتورة نوع المادة (كوها)
    Dewey Decimal Classification   Not For Loan المكتبة المركزية المكتبة المركزية مراجع 28/07/2025 1499595   م/216/بال PLD00228222 28/07/2025 28/07/2025 مراجع
    Dewey Decimal Classification   Not For Loan مكتبة أبو علندا العامة مكتبة أبو علندا العامة مراجع 16/10/2011 1499601   م/216/بال PLD00228317 28/07/2025 16/10/2011 مراجع
    Dewey Decimal Classification   Not For Loan مكتبة الحسن العامة مكتبة الحسن العامة مراجع 16/10/2011 1499597   م/216/بال PLD00228313 28/07/2025 16/10/2011 مراجع
    Dewey Decimal Classification   Not For Loan مكتبة النصر العامة مكتبة النصر العامة مراجع 16/10/2011 1499598   م/216/بال PLD00228314 28/07/2025 16/10/2011 مراجع
    Dewey Decimal Classification   Not For Loan مكتبة حمزة العامة مكتبة حمزة العامة مراجع 16/10/2011 1499600   م/216/بال PLD00228316 28/07/2025 16/10/2011 مراجع
    Dewey Decimal Classification   Not For Loan مكتبة صويلح العامة مكتبة صويلح العامة مراجع 16/10/2011 1499604   م/216/بال PLD00228320 28/07/2025 16/10/2011 مراجع
    Dewey Decimal Classification   Not For Loan مكتبة وادي السير العامة مكتبة وادي السير العامة مراجع 16/10/2011 1499602   م/216/بال PLD00228318 28/07/2025 16/10/2011 مراجع
    Dewey Decimal Classification   Not For Loan مكتبةمؤتة مكتبةمؤتة مراجع 16/10/2011 1499599   م/216/بال PLD00228315 28/07/2025 16/10/2011 مراجع
Implemented & Customized by: BBB with SCIT (Smart Chains for Information Technology)

Powered by Koha